000 01103nam a22002417a 4500
003 PILC
005 20251117094233.0
008 240321b |||||||| |||| 00| 0 eng d
010 _aAcc#48593
020 _a0-8054-2698-1
040 _cPhilippine Baptist Theological Seminary
050 _aHQ 76.8. U5
_bS43 2003
100 _aSears, Allan
_eAuthor
245 _aThe homosexual agenda : exposing the principal threat to religious freedom today /
_cAlan Sears & Craig Osten.
264 _aNashville, Tennessee :
_bBroadman & Holman Publishers,
_c©2003.
300 _a229 pages ;
_c22 cm.
505 _aHow did we get here? -- That's entertainment? -- "Stupid" parents, "enlightened" kids -- The lavender tower -- The family under attack -- The silence (and silencing) of the church -- The seduction of corporate America -- The end of tolerance (for those who disagree) -- The full weight of the government -- Where do we go from here?.
650 _aGay Liberation movement
650 _aHomosexuality
650 _aFreedom of religion
700 _aOsten, Craig
_eCo-author
942 _2lcc
_cCB
999 _c74662
_d74662